Metodika budovania osobnej kariéry zamestnanca : Bakalárska práca

Salvato in:
Dettagli Bibliografici
Autore principale: Rajčová, Alexandra (Autore)
Altri autori: Baláž, Peter (xxx)
Natura: Manoscritto Libro
Lingua:slovacco
Pubblicazione: Trnava : STU v Bratislave MtF KPIM, 2006
Soggetti:
Tags: Aggiungi Tag
Nessun Tag, puoi essere il primo ad aggiungerne!!

MARC

LEADER 00000ntm a22000003a 4500
001 stu129161
005 20160719155605.1
008 061103s2006----xo------------------slo-d
040 |a STU  |b slo 
041 0 |a slo 
044 |a xo 
100 1 |a Rajčová, Alexandra  |4 aut 
245 1 |a Metodika budovania osobnej kariéry zamestnanca :  |b Bakalárska práca 
260 |a Trnava :  |b STU v Bratislave MtF KPIM,  |c 2006 
300 |a 54 s  |c 1 CD-ROM 
650 7 |a priemyselné inžinierstvo a manažment  |2 stusub 
650 7 |a osobná kariéra  |2 stusub 
650 7 |a profesijná kariéra  |2 stusub 
700 1 |a Baláž, Peter  |4 xxx 
996 |b 284M074557  |c M*BP-1929  |l MMSKP  |s P  |a 0  |w stu129161_0001